| 000 | 00315 a2200145 4500 | ||
|---|---|---|---|
| 001 | 73565 | ||
| 082 | _a358.4 CFT | ||
| 090 |
_c38920 _d38920 |
||
| 100 | _aCFT | ||
| 245 |
_aGSK -I & II _hEnglish |
||
| 260 |
_aMasroor _bPAF Press Masroor _c2005 |
||
| 300 | _a52p. | ||
| 500 | _aCFT Precise | ||
| 600 | _aCdt Wing | ||
| 942 |
_aNUST CAE _k358.4 CFT |
||
| 999 |
_c308638 _d308638 |
||